Право социального обеспечения: учебник для вузов

Opis bibliograficzny
1. autor: Сулейманова Г. В. Галия Валиахметовна
Streszczenie:Предлагаемый учебник отражает основные вопросы учебной программы по курсу «Право социального обеспечения» и новейшие положения законодательства в данной области. В нем впервые освещены положения, связанные с монетизацией льгот и установлением ежемесячных денежных выплат отдельным категориям граждан. Главная цель учебника - способствовать успешной подготовке студентов к сдаче экзаменов и зачетов и овладению основами теоретических знаний по проблемам права социального обеспечения, действующего законодательства по социальному обеспечению и грамотному применению его в конкретных практических ситуациях. Для студентов и преподавателей юридических вузов и факультетов, слушателей системы повышения квалификации и переподготовки кадров, работников органов социальной защиты населения, юридических и кадровых служб организаций.
Исключено из фонда НТБ ТПУ
Język:rosyjski
Wydane: Москва, Дашков и К, 2008
Wydanie:2-е изд., перераб. и доп.
Format: MixedMaterials Książka
KOHA link:https://koha.lib.tpu.ru/cgi-bin/koha/opac-detail.pl?biblionumber=136875

MARC

LEADER 00000nam0a2200000 4500
001 136875
005 20231031140819.0
010 |a 9785911316600 
035 |a (RuTPU)RU\TPU\book\148357 
090 |a 136875 
100 |a 20040127d2008 m y0rusy50 ca 
101 0 |a rus 
102 |a RU 
105 |a y j 000zy 
200 1 |a Право социального обеспечения  |e учебник для вузов  |f Г. В. Сулейманова 
205 |a 2-е изд., перераб. и доп. 
210 |a Москва  |c Дашков и К  |d 2008 
215 |a 464 с. 
330 |a Предлагаемый учебник отражает основные вопросы учебной программы по курсу «Право социального обеспечения» и новейшие положения законодательства в данной области. В нем впервые освещены положения, связанные с монетизацией льгот и установлением ежемесячных денежных выплат отдельным категориям граждан. Главная цель учебника - способствовать успешной подготовке студентов к сдаче экзаменов и зачетов и овладению основами теоретических знаний по проблемам права социального обеспечения, действующего законодательства по социальному обеспечению и грамотному применению его в конкретных практических ситуациях. Для студентов и преподавателей юридических вузов и факультетов, слушателей системы повышения квалификации и переподготовки кадров, работников органов социальной защиты населения, юридических и кадровых служб организаций. 
333 |a Исключено из фонда НТБ ТПУ 
451 1 |0 (RuTPU)RU\TPU\book\195608  |y 978-5-394-00365-3  |t Право социального обеспечения  |o учебник для вузов  |f Г. В. Сулейманова  |e 2-е изд., перераб. и доп.  |c М.  |n Дашков и К  |d 2010  |p 464 с.  |a Сулейманова, Галия Валиахметовна 
451 1 |0 (RuTPU)RU\TPU\book\119944  |y 5-94798-894-1  |t Право социального обеспечения  |o учебник для вузов  |f Г. В. Сулейманова  |c М.  |n Дашков и К  |d 2006  |p 464 с.  |a Сулейманова, Галия Валиахметовна 
686 |a Х627.6я73  |v LBC/SL-A  |2 rubbk 
700 1 |a Сулейманова  |b Г. В.  |g Галия Валиахметовна 
801 1 |a RU  |b 63413507  |c 20080429  |g PSBO 
801 2 |a RU  |b 63413507  |c 20210301  |g PSBO 
942 |c BK 
959 |a 47/20080428  |d 1  |e 198,00  |f ЧЗГЛ:1 
959 |a 112/20081124  |d 1  |e 198,00  |f АНЛ:1